| Tag |
First Indicator |
Second Indicator |
Subfields |
| LEADER |
00000cam a22000001 4500 |
| 001 |
in00001101021 |
| 005 |
20150929185820.0 |
| 008 |
751204s1947 pauab 001 0 eng |
| 010 |
|
|
|a 47001220
|
| 035 |
|
|
|a (OCoLC)01127676
|
| 035 |
|
|
|9 AFS5904AM
|
| 040 |
|
|
|a DLC
|c CMC
|d m.c.
|d m/c
|d OCL
|d TXA
|d UtOrBLW
|
| 043 |
|
|
|a n-us---
|
| 049 |
|
|
|a TXAS [mil]
|
| 050 |
|
0 |
|a D769
|b .W34
|
| 082 |
0 |
|
|a 940.5373
|
| 090 |
|
|
|a D769
|b .W34 1947
|
| 245 |
0 |
4 |
|a The War reports of General of the Army George C. Marshall, Chief of Staff, General of the Army H. H. Arnold, Commanding General, Army Air Forces, Fleet Admiral Ernest J. King, Commander-in-Chief, United States Fleet and Chief of Naval operations /
|c foreword by Walter Millis.
|
| 250 |
|
|
|a 1st ed.
|
| 264 |
|
1 |
|a Philadelphia :
|b Lippincott,
|c [1947]
|
| 264 |
|
4 |
|c ©1947
|
| 300 |
|
|
|a 801 pages :
|b illustrations, maps ;
|c 24 cm.
|
| 336 |
|
|
|a text
|b txt
|2 rdacontent
|
| 337 |
|
|
|a unmediated
|b n
|2 rdamedia
|
| 338 |
|
|
|a volume
|b nc
|2 rdacarrier
|
| 500 |
|
|
|a Includes index.
|
| 650 |
|
0 |
|a World War, 1939-1945
|z United States.
|
| 650 |
|
0 |
|a World War, 1939-1945.
|
| 710 |
1 |
|
|a United States.
|b War Department.
|b General Staff.
|
| 710 |
1 |
|
|a United States.
|b Army Air Forces.
|
| 710 |
1 |
|
|a United States.
|b Office of the Chief of Naval Operations.
|
| 700 |
1 |
|
|a Marshall, George C.
|q (George Catlett),
|d 1880-1959.
|
| 700 |
1 |
|
|a Arnold, Henry Harley,
|d 1886-1950.
|
| 700 |
1 |
|
|a King, Ernest Joseph,
|d 1878-1956.
|
| 999 |
|
|
|a MARS
|
| 999 |
f |
f |
|s 288464bd-b3ca-3076-a6f5-c9a77ea148d8
|i fc200208-8309-38f2-a0f9-ab04bc937018
|t 0
|
| 952 |
f |
f |
|p noncirc
|a Texas A&M University
|b College Station
|c Cushing Memorial Library & Archives
|d Cushing: Ragan Military (Does not check out)
|t 0
|e D769 .W34 1947
|h Library of Congress classification
|i unmediated -- volume
|m A14852664102
|
| 952 |
f |
f |
|p normal
|a Texas A&M University
|b College Station
|c Sterling C. Evans Library
|d Evans: Library Stacks
|t 0
|e D769 .W34 1947
|h Library of Congress classification
|i unmediated -- volume
|m A14821568379
|
| 998 |
f |
f |
|a D769 .W34 1947
|t 0
|l Evans: Library Stacks
|
| 998 |
f |
f |
|a D769 .W34 1947
|t 0
|l Cushing: Ragan Military (Does not check out)
|